000 00476nam a2200229Ia 4500
003 IT-RoPAU
008 120407s9999 xx 000 0 und d
040 _aIT-RoPAU
040 _cIT-RoPAU
041 _aita
100 _aHans Walter Wolff
245 _aStudi sul libro di Giona.
250 _aBrescia
260 _aPaideia
260 _c1982
300 _a168 p.
300 _c21 cm
490 _aStudi biblici
490 _v159
942 _cBK
999 _c26935
_d26935